000 00452nam a2200145 4500
001 120643
003 ES-MaACL
007 t|
008 070214s1955 sp r ||||1| spa d
100 1 _aPozuelo y Barnuevo, José E.
_993556
245 1 3 _aLa industrialización... ¿necesaria? /
_cJosé Enrique Pozuelo y Barnuevo.
260 _aMadrid :
_b[s. n.],
_c1955 (
_fGráf. Ibarra)
300 _aVII, 192 p. ;
_c20 cm.
852 _aES-MaACL
_jC-9822
_bR.37712
999 _c120643
_d120643